000 00390nam a2200157 i 4500
001 bg
100 1 _aBRYŃSKI, Maciej
245 0 _aZbiór zadań z algebry /
_cMaciej Bryński, Jerzy Jurkiewicz.
260 _aWarszawa,
_c1978.
700 1 _aJURKIEWICZ, Jerzy
040 _cBPK
041 _apol
080 _a512(075.8)(076)
942 _cKS
008 s pl f |000 0 pol
999 _c9915
_d9915
856 _uhttp://koha.tu.koszalin.pl/cgi-bin/koha/opac-detail.pl?biblionumber=9915
_yKatalog online BPK